ANALÝZA PŘITAŽLIVOSTI SEGMENTŮ TRHU

Bibliographic Details
Main Author: Lošťáková, Hana (Author)
Format: Article
Language:Czech
ISBN:802251232X

MARC

LEADER 00000naa a2200000uu 4500
001 vtls011041938
003 SK-MaSNL
005 20260302120328.0
008 220810|1999 xo |||||||||||||||||cze|
015 |a SNBRA 
035 |a (urnnbn)urn:nbn:sk:snk:ar-008z1f 
035 |a (uuid)cb679c9f-0e13-4d32-b9f1-74eb973284c9 
035 |a urn:nbn:sk:snk-aauugo 
040 |a SNKBUCL  |b slo  |c SNKBUCL  |e AACR2 
041 0 |a cze 
044 |a xo  |c SK 
100 1 |a Lošťáková, Hana  |4 aut  |9 635752 
245 1 0 |a ANALÝZA PŘITAŽLIVOSTI SEGMENTŮ TRHU  |c Hana Lošťáková 
773 0 |t Súčasnosť a perspektívy segmentácie trhu - GAV 5040  |d Bratislava : Ekonóm, 1999  |g S. 52-59  |z 802251232X 
954 |a odborná, vedecká literatúra cudzojazyčná (svetová)  |2 lita 
958 |a OND 
958 |a article12 
958 |a chapter 
999 |c 1269113  |d 1271043